Normal view MARC view
  • Department for Communities and Local Government

Entry Corporate Name

Number of records used in: 7

001 - CONTROL NUMBER

  • control field: 5880

003 - CONTROL NUMBER IDENTIFIER

  • control field: SIRSI

005 - DATE AND TIME OF LATEST TRANSACTION

  • control field: 20190806150247.0

008 - FIXED-LENGTH DATA ELEMENTS

  • fixed length control field: 100920n| acannaabn |n ana d

040 ## - CATALOGING SOURCE

  • Original cataloging agency: OSt
  • Transcribing agency: OSt

110 2# - HEADING--CORPORATE NAME

  • Corporate name or jurisdiction name as entry element: Department for Communities and Local Government

670 ## - SOURCE DATA FOUND

  • Source citation: A cost benefit analysis of options to reduce the risk of fire and rescue in areas of new build homes, 2010